000 01357cam a2200433 i 4500
001 46842
003 KOSZ 005
005 20221202115530.0
008 051104s2001 pl |000 0 pol
015 _aPB 5639/98
020 _a8320813336
040 _cWA N
_aWA N
_dKOSZ 005/HR
046 _k2001
080 _a330.567.2
080 _a159.94
080 _a316.6
080 _a339.138
080 _a366
100 1 _aGarbarski, Lechosław
_eAutor
245 1 0 _aZachowania nabywców /
_cLechosław Garbarski.
250 _aWyd. 2 rozsz., [dodr.].
260 _aWarszawa :
_bPolskie Wydawnictwo Ekonomiczne,
_c2001.
300 _a183, [1] s. :
_brys., wykr. ;
_c21 cm.
336 _2rdacontent
_aTekst
_btxt
337 _2rdamedia
_aBez urządzenia pośredniczącego
_bn
338 _2rdacarrier
_aWolumin
_bnc
380 _aKsiążki
388 _a2001-
490 1 _aMarketing Bez Tajemnic
504 _aBibliogr. s. 182-183.
650 4 _aMarketing
650 4 _aKonsumenci (ekonomia)
650 4 _aZachowania konsumentów
658 _aZarządzanie i marketing
710 2 _aPolskie Wydawnictwo Ekonomiczne
_4pbl.
830 0 _aMarketing bez Tajemnic
856 _uhttp://koha.tu.koszalin.pl/cgi-bin/koha/opac-detail.pl?biblionumber=46842
_yKatalog online BPK
942 _cKS
_2UKD
999 _c46842
_d46842